Dino Quiz - Statistics

General Stats
  • This quiz has been taken 20 times
  • The average score is 5 of 10
Answer Stats
Dino Question Answer % Correct
Which period came first: Jurassic, Triassic, or Cretaceous? Triassic
100%
What dinosaur is known for having three horns on its face? Triceratops
94%
Which dinosaur had a sail-like structure on its back and may have been semi-aquatic? Spinosaurus
81%
Which dinosaur had a name that means “swift thief”? Velociraptor
63%
Which dinosaur had a club at the end of its tail for defense? Ankylosaurus
50%
What does the word “dinosaur” actually mean in Greek? Terrible lizard
44%
What flying reptiles lived during the time of the dinosaurs but weren’t actually dinosaurs? Pterosaurs
38%
Which dinosaur is believed to have had the largest brain compared to its body size? Troodon
31%
What event is believed to have caused the mass extinction of the dinosaurs? An asteroid impact
13%
What fossilized evidence shows that some dinosaurs may have had feathers? Impressions in fossilized rock
0%
No matching quizzes found
Score Distribution
Percent of People with Each Score
Percentile by Number Answered
Your Score History
You have not taken this quiz